000 00620nam a2200205Ia 4500
003 GCL
008 140319s9999 xx 000 0 ara d
040 _aGCL /
_cGCL
082 0 4 _a327.14
_bف ف
100 1 _aفتحى الابيارى
245 1 0 _aفن الدعاية والمخطط الصهيونى /
_cفتحى الابيارى
260 _a[S.N] :
_bالهيئة المصرية العامة للكتاب
490 _a
650 0 4 _aالحرب النفسية
650 0 4 _aالاعلان
650 0 4 _aالصهيونية
650 0 4 _aالدعاية
650 0 4 _aالراى العام
942 _2ddc
_cBK
999 _c30835
_d30835